| 000 | 02018nam a2200421 i 4500 | ||
|---|---|---|---|
| 001 | ebr10840244 | ||
| 003 | CaPaEBR | ||
| 006 | m o d | ||
| 007 | cr cn||||||||| | ||
| 008 | 140310t20102010enkabd ob 001 0 eng d | ||
| 020 | _z9781906799014 | ||
| 040 |
_aCaPaEBR _beng _erda _epn _cCaPaEBR |
||
| 035 | _a(OCoLC)876044139 | ||
| 050 | 1 | 4 |
_aTD177 _b.M634 2010eb |
| 082 | 0 | 4 |
_a363.738015118 _222 |
| 245 | 0 | 0 |
_aModelling of pollutants in complex environmental systems. _nVolume II / _cedited by Grady Hanrahan ; commissioning editor, Lindsey Langston ; cover designer, Paul Russen. |
| 264 | 1 |
_aHertfordshire, England ; _aGlendale, Arizona : _bILM Publications, _c2010. |
|
| 264 | 4 | _c�2010 | |
| 300 |
_a1 online resource (504 pages) : _bcolor illustrations, maps, charts, graphs. |
||
| 336 |
_atext _2rdacontent |
||
| 337 |
_acomputer _2rdamedia |
||
| 338 |
_aonline resource _2rdacarrier |
||
| 490 | 1 | _aAdvanced Topics in Environmental Science Series | |
| 504 | _aIncludes bibliographical references at the end of each chapters and index. | ||
| 588 | _aDescription based on print version record. | ||
| 590 | _aElectronic reproduction. Palo Alto, Calif. : ebrary, 2014. Available via World Wide Web. Access may be limited to ebrary affiliated libraries. | ||
| 650 | 0 |
_aPollution _xMathematical models. |
|
| 650 | 0 |
_aPollutants _xMathematical models. |
|
| 650 | 0 | _aEnvironmental monitoring. | |
| 655 | 0 | _aElectronic books. | |
| 700 | 1 | _aHanrahan, Grady. | |
| 700 | 1 | _aLangston, Lindsey. | |
| 700 | 1 | _aRussen, Paul. | |
| 776 | 0 | 8 |
_iPrint version: _tModelling of pollutants in complex environmental systems. Volume II. _dHertfordshire, England ; Glendale, Arizona : ILM Publications, c2010 _hxxviii, 468 pages _kAdvanced topics in environmental science. _z9781906799014 _w2009922569 |
| 797 | 2 | _aebrary. | |
| 830 | 0 | _aAdvanced topics in environmental science. | |
| 856 | 4 | 0 |
_uhttp://site.ebrary.com/lib/rucke/Doc?id=10840244 _zAn electronic book accessible through the World Wide Web; click to view |
| 999 |
_c96346 _d96346 |
||